Ship Lifecycle (Record no. 18753)

MARC details
000 -LEADER
fixed length control field 00940nam a2200121Ia 4500
008 - FIXED-LENGTH DATA ELEMENTS--GENERAL INFORMATION
fixed length control field 220615s9999||||xx |||||||||||||| ||und||
245 #0 - TITLE STATEMENT
Title Ship Lifecycle
546 ## - LANGUAGE NOTE
Language note English[eng]
650 ## - SUBJECT ADDED ENTRY--TOPICAL TERM
Topical term or geographic name entry element electric propulsion system||DFE rectifier||AFE rectifier||phase angle detector||hybrid power source||fuel cell||molten carbonate fuel cell (MCFC)||carbon dioxide||Molten carbonate fuel cell (MCFC)||Hybrid test bed||Operation profile||Power quality||life cycle||maintenance costs||propulsion system maintenance||research vessel||LNG-fueled ship||IMO GHG||LNG||MGO||LCA||marine fuel||hybrid power system||failure mode and effects analysis||risk priority number||ship safety||Kendall’s coefficient||life cycle assessment (LCA), maritime environment||sustainable production and shipping||CO2 emissions||NOx emissions||SOx emissions
700 ## - ADDED ENTRY--PERSONAL NAME
Personal name Zhou, Peilin||Jeong, Byongug
856 ## - ELECTRONIC LOCATION AND ACCESS
Uniform Resource Identifier <a href="https://mdpi.com/books/pdfview/book/2375">https://mdpi.com/books/pdfview/book/2375</a>
942 ## - ADDED ENTRY ELEMENTS (KOHA)
Koha item type E-Books
Holdings
Withdrawn status Lost status Damaged status Not for loan Home library Current library Date acquired Total Checkouts Date last seen Price effective from Koha item type
        Kerala University of Digital Sciences, Innovation and Technology Knowledge Centre Kerala University of Digital Sciences, Innovation and Technology Knowledge Centre 15/06/2022   15/06/2022 15/06/2022 E-Books